000
00310nam a22001217a 4500
008
180427b xxu||||| |||| 00| 0 eng d
041
_a
eng
080
_a
043.3
100
_a
0
101
_a
MBE-BA
245
_a
Trendet ne Marketingun Digjital dhe Shitjet Online: Rasti i Kosoves
_c
Demiri, D
942
_2
udc
_c
BK
999
_c
45616
_d
45616